Padres solteros de la Ciudad de México: un estudio de género /
Se analiza desde una perspectiva de género, la experiencia de algunos padres solteros que viven en la Ciudad de México. Se da una aproximación cualitativa al estudio de las formas organizativas que adquieren las familias de padres solteros, a cargo de hijos y al frente de hogares, ya sea por viudez,...
Guardat en:
| Autor principal: | |
|---|---|
| Altres autors: | |
| Format: | Text |
| Matèries: | |
| Etiquetes: |
Afegir etiqueta
Sense etiquetes, Sigues el primer a etiquetar aquest registre!
|
MARC
| LEADER | 00000 a a2200000 04500 | ||
|---|---|---|---|
| 001 | 42100 | ||
| 003 | |||
| 040 | |||
| 100 | |a Mena, Paulina | ||
| 245 | |a Padres solteros de la Ciudad de México: |b un estudio de género / |c Paulina Mena ; Olga Rojas | ||
| 500 | |a olrojas@colmex.mx |a pmena@colmex.mx | ||
| 520 | |a Se analiza desde una perspectiva de género, la experiencia de algunos padres solteros que viven en la Ciudad de México. Se da una aproximación cualitativa al estudio de las formas organizativas que adquieren las familias de padres solteros, a cargo de hijos y al frente de hogares, ya sea por viudez, divorcio, separación o abandono. Se centra en los varones y en su posible redefinición de identidad masculina y de sus roles dentro de la familia. | ||
| 590 | |a KSR/MAYO2013 | ||
| 650 | |a PADRES | ||
| 650 | |a MASCULINIDAD | ||
| 650 | |a FAMILIA | ||
| 650 | |a GERNERO | ||
| 650 | |a IGUALDAD DE GENERO | ||
| 650 | |a ESTRUCTURA DE LA FAMILIA | ||
| 650 | |a MEXICO | ||
| 700 | |a Rojas, Olga | ||
| 773 | |g volumen16, número66 (2010), páginas 41-74 : tablas | ||
| 999 | |c 24124 |d 24124 | ||
